La famille.

保存先:
書誌詳細
第一著者: Malaurie, Philippe (autor)
その他の著者: Fulchiron, Hugues (autor)
フォーマット: 図書
言語:英語
出版事項: Paris, France: Défrénois, 2004.
シリーズ:Droit civil.
主題:
タグ: タグ追加
タグなし, このレコードへの初めてのタグを付けませんか!

MARC

LEADER 00000nam a22000007a 4500
003 CL-VaPUC
005 20240112115022.0
008 240108t2004 ||||| |||| 00| 0 eng d
999 |c 442903  |d 442901 
020 |a 2-85623-065-2 
040 |c Pontificia Universidad Católica de Valparaíso 
082 |2 22  |a 346.44015 MAL 2004 
100 |9 588492  |a Malaurie, Philippe  |e autor 
245 |a La famille.  
260 |a Paris, France:   |b Défrénois,   |c 2004. 
300 |a 635 páginas. 
490 |a Droit civil.  
500 |a c.1 Donación Sr. Jorge López Santa María. Memo DER N° 050. 22-12-2023. 
583 |c 20240108  |k Yessy Sthefany Diaz Vidal 
650 0 |9 255603  |a Derecho de familia  |x Matrimonio, divorcio y filiación  |x Legislación   |z Francia  
700 |9 887009  |a Fulchiron, Hugues   |e autor 
942 |2 ddc  |c BK 
952 |0 0  |1 0  |2 ddc  |4 0  |6 346_440150000000000_MAL_2004  |7 0  |8 A  |9 593187  |a BIBDER  |b BIBDER  |d 2024-01-08  |e Donación   |i 5659979  |o 346.44015 MAL 2004  |p 5659979  |r 2024-01-08  |t 1  |w 2024-01-08  |y BK  |k DER